Statistics for Easy General Knowledge #4

Click here to take the quiz!

General Stats

  • This quiz has been taken 110 times
  • The average score is 9 of 15

Answer Stats

QuestionAnswer% Correct
Who was the leader of the Nazi party?Adolf Hitler
95%
What's the capital of USA?Washington D.C
90%
What animal commonly has long necks?Giraffe
85%
Where is the Big Ben located?London
85%
What social-media service owns Instagram and WhatsApp?Facebook
83%
Who famously said "No, I am your Father."?Darth Vader
73%
What is T-Bone, Porterhouse and Scotch Fillet?Types of Steak
71%
Which company famously gave Santa its colour?Coca-Cola
63%
Name a German company that sells luxurious, and expensive cars while being a F1 team that is currently, the most successful since the Turbo Hybrid Era began.Mercedes
60%
Which K-Pop boy group sang Dynamite and Butter?BTS
53%
How many Forza Horizon games have been produced (so far)?4
52%
Where is Petronas Twin Towers located? (give me the country)Malaysia
30%
What famous company/ies did Steve Jobs work with before his death? (not Apple, and name only one of them)Disney and Pixar
12%
Is Williams or McLaren the most successful team in F1 history?Neither, it's Ferrari
11%
For all you Pixar fans out there, what has appeared in every film to date? (apart from The Incredibles)Pizza Planet Truck
2%

Score Distribution

Percentile by Number Answered

Percent of People with Each Score

Your Score History

You have not taken this quiz